logo

Bir Sreshtho Munshi Abdur Rouf Library
Jhenaidah Cadet College

Graphic arts procedures / (Record no. 5542)

MARC details
000 -LEADER
fixed length control field 00671nam a2200241 a 4500
001 - CONTROL NUMBER
JCCL Control Number 5542
003 - CONTROL NUMBER IDENTIFIER
JCCL marc code BD-JhCC
005 - DATE AND TIME OF LATEST TRANSACTION
control field 20171217194805.0
008 - FIXED-LENGTH DATA ELEMENTS--GENERAL INFORMATION
fixed length control field 171217s1948 ilua b 001 0 eng d
035 ## - SYSTEM CONTROL NUMBER
system control number (BD-JhCC)5542
040 ## - CATALOGING SOURCE
Original cataloging agency BD-JhCC
Transcribing agency NAM
Modifying agency BD-JhCC
-- EQO
041 ## - LANGUAGE CODE
Language code of Book eng
050 #0 - LIBRARY OF CONGRESS CALL NUMBER
Classification number Z244
Item number .K3
082 ## - DEWEY DECIMAL CLASSIFICATION NUMBER
Classification number 655
Author mark and Year RAN 1962
100 1# - MAIN ENTRY--PERSONAL NAME
Personal name Karch, R. Randolph
Fuller form of name (Robert Randolph),
Dates associated with a name 1902-
245 10 - TITLE STATEMENT
Title Graphic arts procedures /
Statement of responsibility, etc R. Randolph Karch,
260 ## - PUBLICATION, DISTRIBUTION, ETC. (IMPRINT)
Place of publication, distribution, etc Chicago :
Name of publisher, distributor, etc American Technical Society,
Date of publication, distribution, etc 1948
300 ## - PHYSICAL DESCRIPTION
Pagination xi, 372 p.
Other physical details illus. (part.col.)
Dimensions 22 cm
504 ## - BIBLIOGRAPHY, ETC. NOTE
Bibliography, etc Includes "References."
650 #0 - SUBJECT ADDED ENTRY--TOPICAL TERM
Topical term or geographic name as entry element Printing
942 ## - ADDED ENTRY ELEMENTS (KOHA)
Source of classification or shelving scheme Dewey Decimal Classification
Koha item type Books
Holdings
Source of classification or shelving scheme Damaged status Not for loan Home library Current library Shelving location Date of accession Total Checkouts Full call number Barcode Date last seen Date checked out Copy number Koha item type
Dewey Decimal Classification     JCC Rouf Library JCC Rouf Library General Stacks 10/23/2023 1 655 RAN 1962 7759 05/07/2024 10/23/2023 C - 1 Books

JCC Library | Contacts | JCC Home

Last Update on 23 September 2017
Copyright @ 2017-2020 JCC Rouf Library
Rouf Library, Jhenidah Cadet College (JCC), Bangladesh